000 02324nam a22002537a 4500
003 Uzh_bibl
008 260514b |||||||| |||| 00| 0 ukr d
020 _a978-966-948-207-5
_c141.00
040 _bукр.
041 _2eng
_aukr
080 _a821(410)
090 _a821(410)
_bҐ 29
100 _aҐейман,Ніл
245 _aОкеан у кінці вулиці
_cпер.з анг.О.Петіка
_hТекст
260 _aКиїв
_bВид.група КМ-БУКС
_c2019
300 _a256 с.
_bіл.
_fВ опр.
520 _aДивовижна казка для дорослих - часом добра, часом зла, часом страшна і моторошна - від "рок-зірки сучасної літератури" Ніла Ґеймана запрошує читача у подорож лабіринтами спогадів. Головний герой книги згадує семирічного себе і всі ті речі, які з ним траплялися у дитинстві: часом добрі, часом злі, часом страшні і моторошні. Повернувшись на сільську вулицю свого дитинства, він згадує також дивовижну сусідську дівчинку Летті Гемсток, яка обіцяла його захищати попри все. Сидячи на березі ставка, який Летті вперто називала океаном, він згадує те, що волів би забути. Ви добре пам'ятаєте своє дитинство? А ви впевнені, що ваші спогади абсолютно точні? Що, як раптом найпотаємніші з них заховані, мов дитячі іграшки на дні забитої дорослими речами шафи, і лише повернувшись у місця, де ви виросли, ви згадаєте, як усе було насправді?
521 _aДля широкого кола читачів
546 _aукр.
650 _aЛітературно-художнє видання
653 _aДитинство
_aСпогади
_aПодорож
655 _aФентезі
942 _2udc
_cBK
999 _c17760
_d17760